| 000 | 00566nam a2200181Ia 4500 | ||
|---|---|---|---|
| 005 | 20250508153242.0 | ||
| 008 | 008 250505s9999 xx 000 0 eng d | ||
| 037 | _aBooks to be hide in OPAC | ||
| 040 |
_aFEDL _beng _cFEDL |
||
| 041 |
_aeng _2eng |
||
| 084 |
_a010, SUB _qFEDL |
||
| 100 |
_aPrakken Sarah L Ed. _97610 |
||
| 245 | 0 | _aSubject guide to books in print : An index to the publishers' trade list annual 1963 | |
| 260 |
_aNew York, USA _bR R Bowker Company _c1963 |
||
| 300 | _a1956p. | ||
| 942 |
_cHB _h010, SUB |
||
| 999 |
_c1341532 _d1341532 |
||